000 01108nam0a22002771 4500
001 rc\969802
005 20260406143240.0
035 _a(NLR Aleph) 006138856
090 _a5640109
_c5640109
100 _a20041129d1982 |||y0rusy50 ca
101 0 _arus
102 _aRU
105 _aa |||||||||
200 1 _aВся земля на ладони
_eПоэма о вожде
_e[О В.И. Ленине]
_fВацлав Гонс
_gАвториз. пер. с чеш. Ю. Медведева
_g[Худож. С. Онуфриев]
210 _aМ.
_cМол. гвардия
_d1982
215 _a63 с.
_cил.
_d16
225 1 _aБиблиотека журнала ЦК ВЛКСМ "Молодая гвардия"
_v№ 31
600 1 _aЛенин
_bВ.И.
_gВладимир Ильич
_2psbo
700 1 _aГонс
_bВ.
_f1938-
_gВацлав
702 1 _4730
_7ca
_8rus
_aМедведев
_bЮ. М.
_cписатель
_f1937-2020
_gЮрий Михайлович
_9113721
_3RU\NLR\AUTH\773728
801 0 _aRU
_bNLR
_gpsbo
801 1 _aRU
_bELAR
_2rusmarc
852 _aNLR
_j83-2/80
942 _cBOOK
980 _aNB